000
00221nam a22000857a 4500
008
160705b xxu||||| |||| 00| 0 eng d
100
_9
2281
_a
Tulloch, S
245
_a
Complete Wordfinder
260
_a
Lon
_b
Reader's Digest
_c
1990
999
_c
1963
_d
1963